Surahs of the Quran - Statistics

General Stats
  • This quiz has been taken 574 times
  • The average score is 61 of 114
Answer Stats
S No. Hint Answer Arabic % Correct
1 The Opening, The Foundation of the Qur'an Al-Fatihah ٱلْفَاتِحَة
98%
2 The Calf Al-Baqarah ٱلْبَقَرَة
95%
3 The House of Imran Al Imran آلِ عِمْرَان
86%
114 Mankind An-Naas ٱلنَّاس
85%
4 The Women An-Nisa ٱلنِّسَاء
85%
50 "a letter" Qaaf ق
82%
47 "The Last Prophet" Muhammad مُحَمَّد
79%
12 "a Prophet" Yusuf يُوسُف
79%
113 The Rising Dawn Al-Falaq ٱلْفَلَق
78%
19 "Mother" Maryam مَرْيَم
78%
112 Purity of Faith Al-Ikhlas ٱلْإِخْلَاص
76%
105 The Elephant Al-Feel ٱلْفِيل
73%
18 The Cave Al-Kahf ٱلْكَهْف
73%
14 "a Prophet" Ibrahim إِبْرَاهِيم
72%
10 "a Prophet" Yunus يُونُس
72%
22 The Pilgrimage Al-Hajj ٱلْحَجّ
71%
109 The Disbelievers Al-Kaafiroon ٱلْكَافِرُون
71%
24 The Light An-Nur ٱلنُّور
71%
87 The Most High Al-A'la ٱلْأَعْلَىٰ
69%
55 The Most Merciful, The Most Gracious Ar-Rahman ٱلرَّحْمَٰن
69%
71 "a Prophet" Nuh نُوح
68%
9 Repentance At-Tawbah ٱلتَّوْبَة
67%
17 The Night Journey, Children of Israel Al-Israa اٌلاِسْرٰاء
66%
36 "Disjoined letters" Ya-Sin يس
66%
29 The Spider Al-Ankabut ٱلْعَنْكَبُوت
65%
5 The Food Al-Ma'idah ٱلْمَائِدَة
65%
92 The Night Al-Layl ٱللَّيْل
64%
68 The Pen Al-Qalam ٱلْقَلَم
64%
91 The Sun Ash-Shams ٱلشَّمْس
64%
96 The Clinging Clot Al-Alaq ٱلْعَلَق
62%
21 The Prophets Al-Anbiya ٱلْأَنْبِيَاء
62%
16 The Bees An-Nahl ٱلنَّحْل
62%
27 The Ants An-Naml ٱلنَّمْل
62%
11 "a Prophet" Hud هُود
62%
89 The Dawn Al-Fajr ٱلْفَجْر
61%
23 The Believers Al-Mu'minun ٱلْمُؤْمِنُون
61%
54 The Moon Al-Qamar ٱلْقَمَر
61%
95 The Fig Tree At-Tin ٱلتِّين
61%
106 "an Arab tribe" Quraish قُرَيْش
61%
20 "Disjoined letters" Ta-Ha طه
61%
108 Abundance, Plenty, Good in Abundance Al-Kawthar ٱلْكَوْثَر
59%
97 The Night of Decree, Fate, Destiny Al-Qadr ٱلْقَدْر
59%
32 The Prostration As-Sajdah ٱلسَّجْدَة
58%
6 The Cattle Al-An'am ٱلْأَنْعَام
57%
67 The Dominion, Sovereignty Al-Mulk ٱلْمُلْك
56%
75 The Day of Resurrection Al-Qiyamah ٱلْقِيَامَة
56%
110 Divine Support An-Nasr ٱلنَّصْر
56%
13 The Thunder Ar-Ra'd ٱلرَّعْد
55%
72 The Unseen Beings, The Spirits Al-Jinn ٱلْجِنّ
54%
78 The Great News, The Tiding An-Naba' ٱلنَّبَأ
54%
65 Divorce At-Talaq ٱلطَّلَاق
54%
7 The Heights Al-A'raf ٱلْأَعْرَاف
53%
103 The Time, The Flight of Time Al-'Asr ٱلْعَصْر
53%
57 Iron Al-Hadeed ٱلْحَدِيد
53%
53 The Star, The Unfolding An-Najm ٱلنَّجْم
53%
8 The Spoils of War Al-Anfal ٱلْأَنْفَال
52%
76 The Human, Man Al-Insaan ٱلْإِنْسَان
52%
107 Small Kindnesses, Almsgiving, Assistance Al-Maa'oon ٱلْمَاعُون
52%
111 The Twisted Strands, The Plaited Rope Al-Masad ٱلْمَسَد
52%
99 The Earthquake Az-Zalzalah ٱلزَّلْزَلَة
52%
38 "a letter" Saad ص
52%
63 The Hypocrites Al-Munafiqoon ٱلْمُنَافِقُون
51%
26 The Poets Ash-Shu'ara ٱلشُّعَرَاء
50%
44 The Smoke Ad-Dukhaan ٱلدُّخَان
49%
90 The City, The Land Al-Balad ٱلْبَلَد
49%
25 The Criterion, The Standard of True and False Al-Furqan ٱلْفُرْقَان
49%
28 The Narrations, The Stories Al-Qasas ٱلْقَصَص
49%
31 "man of great wisdom and piety" Luqmaan لُقْمَان
49%
48 The Victory Al-Fath ٱلْفَتْح
48%
98 The Clear Evidence Al-Bayyinah ٱلْبَيِّنَة
47%
30 "The west" Ar-Rum ٱلرُّوم
47%
80 He Frowned Abasa عَبَسَ
46%
15 The Rocky Tract Al-Hijr ٱلْحِجْر
46%
104 The Gossipmonger, The Slanderer Al-Humazah ٱلْهُمَزَة
46%
62 Congregation Al-Jumu'ah ٱلْجُمُعَة
46%
101 The Striking Hour, The Great Calamity, The Stunning Blow Al-Qaari'ah ٱلْقَارِعَة
46%
73 The Enfolded One, The Enwrapped One Al-Muzzammil ٱلْمُزَّمِّل
44%
102 Competition, Greed for More At-Takaathur ٱلتَّكَاثُر
44%
33 The Combined Forces, The Clans Al-Ahzaab ٱلْأَحْزَاب
43%
69 The Sure Reality Al-Haaqqa ٱلْحَاقَّة
43%
56 The Inevitable Al-Waqi'ah ٱلْوَاقِعَة
43%
86 The Night-comer At-Taariq ٱلطَّارِق
43%
93 The Glorious Morning Light Ad-Dhuha ٱلضُّحَىٰ
42%
100 The Chargers, The War Horse Al-'Aadiyat ٱلْعَادِيَات
42%
74 The One Wrapped Up, The Man Wearing A Cloak Al-Muddaththir ٱلْمُدَّثِّر
42%
61 The Ranks As-Saff ٱلصَّفّ
42%
88 The Overwhelming Event Al-Ghaashiyah ٱلْغَاشِيَة
41%
34 "Yemen, Ancient South Arabia" Saba سَبَأ
40%
42 The Consultation Ash-Shura ٱلشُّورىٰ
39%
40 The Forgiver Ghafir غَافِر
39%
79 Those Who Tear Out, Soul-snatchers An-Naazi'aat ٱلنَّازِعَات
38%
66 The Prohibition At-Tahreem ٱلتَّحْرِيم
38%
52 The Mount At-Toor ٱلطُّور
38%
58 The Pleading Woman Al-Mujadila ٱلْمُجَادِلَة
37%
37 Drawn Up In Ranks As-Saaffaat ٱلصَّافَّات
37%
85 The Great Constellations Al-Burooj ٱلْبُرُوج
36%
35 The Originator Faatir فَاطِر
36%
84 Splitting Open Al-Inshiqaaq ٱلْإِنْشِقَاق
35%
81 The Folding Up, Shrouding in Darkness At-Takweer ٱلتَّكْوِير
35%
82 Bursting Apart Al-Infitar ٱلْإِنْفِطَار
33%
43 The Gold Adornments Az-Zukhruf ٱلْزُّخْرُف
33%
94 Solace, Consolation, Relief, Patient, The Opening-Up of the Heart Ash-Sharh ٱلشَّرْح
32%
64 The Mutual Loss and Gain, The Cheating At-Taghabun ٱلتَّغَابُن
32%
77 Those Sent Forth, The Emissaries Al-Mursalaat ٱلْمُرْسَلَات
31%
83 The Dealers in Fraud, The Cheats Al-Mutaffifeen ٱلْمُطَفِّفِين
31%
39 The Crowds, The Troops Az-Zumar ٱلزُّمَر
31%
41 Explained In Detail, Clearly Spelled Out Fussilat فُصِّلَت
31%
59 The Mustering, Exile, Banishment Al-Hashr ٱلْحَشْر
30%
51 The Dust-Scattering Winds Adh-Dhaariyaat ٱلذَّارِيَات
29%
60 The Examined One, She That Is To Be Examined Al-Mumtahanah ٱلْمُمْتَحَنَة
29%
46 The Sand-Dunes Al-Ahqaaf ٱلْأَحْقَاف
28%
49 The Private Apartments Al-Hujuraat ٱلْحُجُرَات
28%
70 The Ascending Stairways Al-Ma'aarij ٱلْمَعَارِج
27%
45 The Kneeling Down, Crouching Al-Jaathiyah ٱلْجَاثِيَة
25%
No matching quizzes found
Score Distribution
Percent of People with Each Score
Percentile by Number Answered
Your Score History
You have not taken this quiz